LEADER 00919nam0-22003131i-450- 001 990000863480403321 005 20040420105209.0 010 $a0-444-89004-1 035 $a000086348 035 $aFED01000086348 035 $a(Aleph)000086348FED01 035 $a000086348 100 $a20020821d--------km-y0itay50------ba 101 0 $aita 105 $ay-------001yy 200 1 $aAttractors of evolution equations$fA.V. Babin, M.I. Vishik 210 $aAmsterdam$cNorth-Holland$d1992 215 $aX, 532 p.$d23 cm 225 1 $aStudies in mathematics and its applications$v25 676 $a515.3$a$v25 700 1$aBabin,$bAnatolii Vladimirovich$0344878 801 0$aIT$bUNINA$gRICA$2UNIMARC 901 $aBK 912 $a990000863480403321 952 $a02 32 D 20$b6303$fFINBN 952 $a02 33 D 26$b8083$fFINBN 959 $aFINBN 996 $aAttractors of evolution equations$9349131 997 $aUNINA LEADER 01670nam--2200445---450- 001 990000882180203316 005 20091221090427.0 010 $a88-14-09254-0 035 $a0088218 035 $aUSA010088218 035 $a(ALEPH)000088218USA01 035 $a0088218 100 $a20020117d2001----km-y0itay0103----ba 101 $aita 102 $aIT 105 $ay|||z|||001yy 200 1 $a<> responsabilità degli enti per gli illeciti amministrativi dipendenti da reato$ecommento al D.Lgs. 8 giugno 2001, n. 231$fSara Gennai, Alessandro Traversi 210 $aMilano$cGiuffrè$d2001 215 $aXXIX, 462 p.$d23 cm 225 2 $aTeoria e pratica del diritto$hSez. 3$iDiritto e procedura penale$v118 410 0$12001$aTeoria e pratica del diritto$hSez. 3$iDiritto e procedura penale$v118 606 0 $aAmministrazione pubblica$xResponsabilità penale 676 $a345.45088 700 1$aGENNAI,$bSara$0267154 701 1$aTRAVERSI,$bAlessandro$0226139 801 0$aIT$bsalbc$gISBD 912 $a990000882180203316 951 $aXXVI.1. Coll. 12/ 126 (COLL ZJ III/118)$b32372 G.$cXXVI.1. Coll. 12/ 126 (COLL ZJ)$d00080148 951 $aSANT.1 Coll. C 4 118$b1916 DDPG$cSANT.1 Coll. C 959 $aBK 969 $aGIU 969 $aDDPG 979 $aCHIARA$b90$c20020117$lUSA01$h1343 979 $c20020403$lUSA01$h1732 979 $aCHIARA$b90$c20020925$lUSA01$h1026 979 $aPATRY$b90$c20040406$lUSA01$h1701 979 $aDDPG1$b90$c20060712$lUSA01$h1241 979 $aRSIAV4$b90$c20091221$lUSA01$h0904 996 $aResponsabilità degli enti per gli illeciti amministrativi dipendenti da reato$9969614 997 $aUNISA